Statistics for Random General Knowledge Quiz #2

Click here to take the quiz!

General Stats

  • This quiz has been taken 108 times
  • The average score is 4 of 15

Answer Stats

HintAnswer% Correct
Number of emirates in the United Arab EmiratesSeven
70%
Who is the Greek god of the sea?Poseidon
69%
Location of the Mariana TrenchWestern Pacific Ocean
47%
Capital of SomaliaMogadishu
46%
A tile-based game that originated in China during the Qing dynastyMahjong
39%
Name of the father dog in the 101 DalmatiansPongo
28%
Fruitful birdKiwi
23%
Highest grossing Pixar movieFinding Nemo ($486,295,561)
16%
In which game can the following vehicles be found? Banshee, Warthog & Ghost.Halo
15%
In which war did Israel fight against Egypt, Jordan, Syria, (Iraq & Lebanon)?Six-day War
10%
#1 DJ in the world in 2016Martin Garrix
8%
What kind of room has no doors or windows?Mushroom
8%
Length of a marathon (Answer: x km and x meter)42 km and 195 meter
7%
When was the Dutch East India Company founded?1602
3%
Which company did Netflix acquire in the beginning of August?Millarworld
0%

Score Distribution

Percentile by Number Answered

Percent of People with Each Score

Your Score History

You have not taken this quiz